MARC

LEADER 00000nam0a2200000 4500
001 119958
005 20231031124818.0
035 |a (RuTPU)RU\TPU\book\129878 
090 |a 119958 
100 |a 20070814d1955 m y0rusy50 ca 
101 0 |a rus 
102 |a RU 
105 |a a z 001zy 
200 1 |a Фундаменты под машины  |e основы проектирования  |f О. А. Савинов 
210 |a Москва  |a Ленинград  |c Изд-во литературы по строительству и архитектуре  |d 1955 
215 |a 292 с.  |c ил. 
320 |a Библиогр.: с. 287-290 
610 1 |a фундаменты 
610 1 |a машины 
610 1 |a проектирование 
610 1 |a расчет 
675 |a 624.159  |v 3 
700 1 |a Савинов  |b О. А.  |g Олег Александрович 
801 1 |a RU  |b 63413507  |c 20070814  |g PSBO 
801 2 |a RU  |b 63413507  |c 20190129  |g PSBO 
942 |c BK